Strategic human resource management : (Record no. 205939)
[ view plain ]
| 000 -LEADER | |
|---|---|
| fixed length control field | 00773nam a2200241Ia 4500 |
| 003 - CONTROL NUMBER IDENTIFIER | |
| control field | OSt |
| 005 - DATE AND TIME OF LATEST TRANSACTION | |
| control field | 20220305111902.0 |
| 008 - FIXED-LENGTH DATA ELEMENTS--GENERAL INFORMATION | |
| fixed length control field | 210716s2006 xx 000 0 und d |
| 020 ## - INTERNATIONAL STANDARD BOOK NUMBER | |
| International Standard Book Number | 9780761933601 |
| 040 ## - CATALOGING SOURCE | |
| Transcribing agency | AIMIT LIBRARY |
| 041 ## - LANGUAGE CODE | |
| Language code of text/sound track or separate title | eng |
| 082 ## - DEWEY DECIMAL CLASSIFICATION NUMBER | |
| Classification number | 658.304 |
| Edition number | 1 |
| Item number | SHAA |
| 100 ## - MAIN ENTRY--PERSONAL NAME | |
| Personal name | Sharma, Anuradha. |
| 9 (RLIN) | 22906 |
| 245 ## - TITLE STATEMENT | |
| Title | Strategic human resource management : |
| Remainder of title | Indian perspective / |
| Statement of responsibility, etc. | By Anuradha Sharma and Aradhana Khandekar. |
| 250 ## - EDITION STATEMENT | |
| Edition statement | 1st ed. |
| 260 ## - PUBLICATION, DISTRIBUTION, ETC. | |
| Place of publication, distribution, etc. | New Delhi : |
| Name of publisher, distributor, etc. | Response Books ; |
| Date of publication, distribution, etc. | 2006. |
| 300 ## - PHYSICAL DESCRIPTION | |
| Extent | 264p. ; |
| Dimensions | 24 cm. |
| 650 ## - SUBJECT ADDED ENTRY--TOPICAL TERM | |
| Topical term or geographic name entry element | Models of strategic HRM |
| 9 (RLIN) | 22907 |
| 650 ## - SUBJECT ADDED ENTRY--TOPICAL TERM | |
| Topical term or geographic name entry element | Strategic HRM in India: emerging dimensions |
| 9 (RLIN) | 22908 |
| 650 ## - SUBJECT ADDED ENTRY--TOPICAL TERM | |
| Topical term or geographic name entry element | Epilogue |
| 9 (RLIN) | 22909 |
| 700 ## - ADDED ENTRY--PERSONAL NAME | |
| Personal name | Khandekar, Aradhana. |
| 9 (RLIN) | 22910 |
| 942 ## - ADDED ENTRY ELEMENTS (KOHA) | |
| Source of classification or shelving scheme | Dewey Decimal Classification |
| Koha item type | Book |
| Edition | 1st |
| Call number prefix | 658.304 SHAA |
| Withdrawn status | Lost status | Source of classification or shelving scheme | Damaged status | Not for loan | Collection code | Home library | Current library | Date acquired | Cost, normal purchase price | Inventory number | Total Checkouts | Full call number | Barcode | Date last seen | Cost, replacement price | Price effective from | Koha item type | Date last checked out |
|---|---|---|---|---|---|---|---|---|---|---|---|---|---|---|---|---|---|---|
| Dewey Decimal Classification | Reference Book | MBA | St Aloysius Institute of Management & Information Technology | St Aloysius Institute of Management & Information Technology | 11/27/2006 | 340.00 | Bill no:329; Bill dt:2006-11-13 | 658.304 SHAA | MBA04216 | 07/21/2025 | 272.00 | 07/16/2021 | Book | |||||
| Dewey Decimal Classification | MBA | St Aloysius Institute of Management & Information Technology | St Aloysius Institute of Management & Information Technology | 08/29/2007 | 340.00 | Bill no:402; Bill dt:2007-08-16 | 658.304 SHAA | MBA04513 | 05/23/2026 | 272.00 | 07/16/2021 | Book | ||||||
| Dewey Decimal Classification | MBA | St Aloysius Institute of Management & Information Technology | St Aloysius Institute of Management & Information Technology | 09/25/2010 | 420.00 | Bill no:ABK 507; Bill dt:2010-09 | 1 | 658.304 SHAA | MBA08505 | 05/23/2026 | 315.00 | 07/16/2021 | Book | 09/29/2021 |